| Tag |
First Indicator |
Second Indicator |
Subfields |
| LEADER |
00000cam a2200000 a 4500 |
| 001 |
in00000984635 |
| 005 |
20220103115053.0 |
| 007 |
cr unu a |
| 008 |
910122s1989 xx a b 00010 eng d |
| 035 |
|
|
|9 AEY7950AM
|
| 035 |
|
|
|a (OCoLC)22996510
|
| 040 |
|
|
|a TXA
|c TXA
|d UtOrBLW
|
| 049 |
|
|
|a TXAZ
|
| 099 |
|
|
|a 1989
|a Thesis
|a F838
|
| 100 |
1 |
|
|a Frappier, Susannah Helen,
|d 1965-
|
| 245 |
1 |
4 |
|a The influence of stressors on the dynamics of ascorbic acid in neonatal broilers /
|c by Susannah Helen Frappier.
|
| 264 |
|
1 |
|a [Place of publication not identified] :
|b [publisher not identified] ;
|c 1989.
|
| 300 |
|
|
|a xi, 105 leaves :
|b illustrations ;
|c 29 cm.
|
| 336 |
|
|
|a text
|b txt
|2 rdacontent
|
| 337 |
|
|
|a computer
|b c
|2 rdamedia
|
| 338 |
|
|
|a online resource
|b cr
|2 rdacarrier
|
| 500 |
|
|
|a "Major subject: Poultry science."
|
| 500 |
|
|
|a Typescript (photocopy).
|
| 500 |
|
|
|a Vita.
|
| 502 |
|
|
|b M.S.
|c Texas A&M University
|d 1989.
|
| 504 |
|
|
|a Includes bibliographical references.
|
| 530 |
|
|
|a Also available online.
|
| 650 |
|
0 |
|a Broilers (Chickens)
|x Physiological aspects.
|
| 650 |
|
0 |
|a Veterinary neonatology
|x Research.
|
| 650 |
|
0 |
|a Vitamin C
|x Analysis.
|
| 650 |
|
4 |
|a Major poultry science.
|
| 856 |
4 |
1 |
|u https://hdl.handle.net/1969.1/ETD-TAMU-1989-THESIS-F838
|z Link to OAKTrust copy
|t 0
|
| 999 |
|
|
|a MARS
|
| 999 |
f |
f |
|s dd5398c6-f355-352b-a973-65f1841c3abd
|i ec8e1dc1-95a2-3436-ae55-e493fccaafeb
|t 0
|
| 952 |
f |
f |
|p noncirc
|a Texas A&M University
|b J.J. Pickle Campus
|c High Density Repository
|s HDR
|d Remote Storage
|t 0
|e 1989 Thesis F838
|h Other scheme
|i computer -- online resource
|m A14839629969
|
| 952 |
f |
f |
|a Texas A&M University
|b College Station
|c Electronic Resources
|s www_evans
|d Available Online
|t 0
|e 1989 Thesis F838
|h Other scheme
|
| 998 |
f |
f |
|a 1989 Thesis F838
|t 0
|l Available Online
|
| 998 |
f |
f |
|a 1989 Thesis F838
|t 0
|l Remote Storage
|